20 Questions about Belgium - Statistics

General Stats
  • This quiz has been taken 65 times
  • The average score is 12 of 20
Answer Stats
Hint Answer % Correct
Can you name one of the three official languages of Belgium? Dutch, French and German
98%
What city is described as the Venice of the North? Bruges
93%
What African country was a private state of the Belgian King (1885-1908) and a Belgian colony (1908-1960)? D.R. Congo
93%
From what country did Belgium gain its independence? The Netherlands
91%
What sea does Belgium border? North Sea
90%
What Belgian city hosts the second largest port of Europe? Antwerp
88%
What potato dish originates from Belgium? (French) fries
84%
Can you name one of the two major regions of Belgium? Flanders & Wallonia
81%
What international organisation has its headquarters in Belgium? European UnionNATO
72%
Which soccer club is the most successful club of Belgium? RSC Anderlecht
72%
What is the name of the big forest in the southeastern part of Belgium? Ardennes
66%
What is the name of the Belgian singer with songs as 'Papaoutai' and 'Formidable'? Stromae
64%
What is the most common name for Belgian Kings? Leopold
59%
What famous Belgian surrealistic painter is known for its apples and bowler hats? René Magritte
55%
Who wrote in 'De Bello Galico' that the Belgians were the bravest people of all gauls? Julius Caesar
45%
What type of state is Belgium? Federal State
28%
What is the biggest cycling race in Belgium? Tour of Flanders
24%
What happened on 22th March 2016? Terrorist attacks in Brussels
9%
What is the name of the Belgian explorer who survided on the south pole from 1897-1899? Adrien de Gerlache
7%
What is the tallest building in Belgium? South Tower in Saint-Gilles
5%
No matching quizzes found
Score Distribution
Percent of People with Each Score
Percentile by Number Answered
Your Score History
You have not taken this quiz